PDC World darts championship (top 4) - Statistics

General Stats
  • This quiz has been taken 70 times
    41 since last reset
  • The average score is 32 of 48
Answer Stats
% Correct
Alan Warriner-Little
100%
Bob Anderson
100%
Gary Anderson
100%
Gerwyn Price
100%
Luke Humphries
100%
Luke Littler
100%
Michael Van Gerwen
100%
Peter Wright
100%
Phil Taylor
100%
Adrian Lewis
97%
Dennis Smith
97%
Jamie Lewis
97%
Michael Smith
97%
Rob Cross
97%
Raymond Van Barneveld
94%
Stephen Bunting
88%
Dennis Priestley
84%
James Wade
84%
John Part
84%
Gabriel Clemens
81%
Nathan Aspinall
81%
Simon Whitlock
75%
Chris Dobey
72%
Dave Chisnall
69%
Eric Bristow
69%
Dimitri Van den Bergh
66%
Peter Manley
59%
Andy Hamilton
56%
John Lowe
56%
Scott Williams
56%
Wayne Mardle
56%
Mark Webster
50%
Jelle Klaasen
47%
Kirk Shepherd
47%
Kevin Painter
44%
Mark Dudbridge
41%
Andy Jenkins
38%
Rod Harrington
38%
Terry Jenkins
38%
Colin Lloyd
34%
Mervyn King
34%
Steve Brown
25%
Wayne Jones
25%
Keith Deller
22%
Peter Evison
22%
Jamie Harvey
16%
Dave Askew
13%
Shayne Burgess
13%
No matching quizzes found
Score Distribution
Percent of People with Each Score
Percentile by Number Answered
Your Score History
You have not taken this quiz since the last reset